000
003090000a22001450004500
003
MACL
040
_a
MACL
090
_c
4607
_d
4606
100
_a
Prasad, R.C.
245
_a
Shriramacharitamanasa
260
_b
Motilal Banarsidass Publishers
_c
1990
350
_a
250
650
_a
Religion
942
_c
BOOK
_k
294
999
_c
4573
_d
4573